000
00310 a2200157 4500
001
175573
020
_a
040
_c
Magnum
100
_a
Siguemoto, Regina
240
1
0
_a
Ligeirinha
_l
por
245
1
0
_a
Ligeirinha
362
0
_a
1899
440
1
_a
Paulinas
697
_a
MAGNITO: I/ANIMAIS
942
_c
BK
999
_c
175573
_d
175573